[Event "Gibraltar Challenger op-A"]
[Site "Caleta"]
[Date "2017.01.24"]
[Round "2"]
[White "Ruiz Manrique, Joaquin"]
[Black "Ruud, Kjetil"]
[Result "0-1"]
[WhiteElo "1986"]
[BlackElo "1773"]
[PlyCount "62"]
[EventDate "2017.01.23"]
[EventType "swiss"]
[EventRounds "5"]
[EventCountry "GGB"]
[SourceTitle "CBM 176 Extra"]
[Source "ChessBase"]
[SourceDate "2017.03.02"]
[SourceVersion "1"]
[SourceVersionDate "2017.03.02"]
[SourceQuality "1"]

1. e4 Nc6 2. d4 e5 3. d5 Nce7 4. c4 Ng6 5. Nc3 Bb4 6. Qb3 Qe7 7. Bd2 Nf6 8. f3 a5 9. 0-0-0 Bxc3 10. Qxc3 d6 11. g4 Nd7 12. Ne2 Nc5 13. Ng3 0-0 14. Nf5 Qe8 15. b3 f6 16. h4 Nf4 17. Be3 Bd7 18. Rg1 b5 19. Qd2 b4 20. Bxc5 dxc5 21. Qe3 Bxf5 22. gxf5 Qe7 23. Rg4 a4 24. Bd3 axb3 25. axb3 Qd6 26. Bc2 Ra2 27. Kd2 Qa6 28. Rdg1 Rf7 29. Qxc5 Rxc2+ 30. Kxc2 Qa2+ 31. Kd1 Qe2+ 0-1

[Event "Gibraltar Challengers-B 14th"]
[Site "Caleta"]
[Date "2016.02.03"]
[Round "5"]
[White "Ruiz Manrique, Joaquin"]
[Black "Brandstetter, Dieter"]
[Result "1/2-1/2"]
[WhiteElo "1984"]
[BlackElo "2039"]
[PlyCount "61"]
[EventDate "2016.01.30"]
[EventType "swiss"]
[EventRounds "5"]
[EventCountry "GGB"]
[SourceTitle "CBM 170 Extra"]
[Source "ChessBase"]
[SourceDate "2016.02.25"]
[SourceVersion "1"]
[SourceVersionDate "2016.02.25"]
[SourceQuality "1"]

1. g3 g6 2. Bg2 Bg7 3. d4 d6 4. c4 Nf6 5. Nc3 0-0 6. Nf3 Nbd7 7. 0-0 c6 8. b3 Qc7 9. Bb2 Re8 10. d5 Ne4 11. Nd4 Nxc3 12. Bxc3 cxd5 13. Bxd5 Nb8 14. Nb5 Qb6 15. Bxg7 Kxg7 16. a4 a5 17. Qd3 Nc6 18. Qe3 Qxe3 19. fxe3 Rf8 20. Rf2 Nb4 21. Be4 Rb8 22. Raf1 b6 23. Nc7 Bh3 24. Rd1 Bc8 25. Rdf1 Bh3 26. Rd1 Bc8 27. Rd2 Bb7 28. Bf3 Rfc8 29. Nb5 Rc5 30. Bxb7 Rxb7 31. Rf3 1/2-1/2

[Event "Gibraltar Challengers-B 14th"]
[Site "Caleta"]
[Date "2016.01.31"]
[Round "2"]
[White "Midonet, Matthieu"]
[Black "Ruiz Manrique, Joaquin"]
[Result "1-0"]
[WhiteElo "2211"]
[BlackElo "1984"]
[PlyCount "85"]
[EventDate "2016.01.30"]
[EventType "swiss"]
[EventRounds "5"]
[EventCountry "GGB"]
[SourceTitle "CBM 170 Extra"]
[Source "ChessBase"]
[SourceDate "2016.02.25"]
[SourceVersion "1"]
[SourceVersionDate "2016.02.25"]
[SourceQuality "1"]

1. e4 d5 2. exd5 Qxd5 3. Nc3 Qa5 4. d4 c6 5. Bc4 Nf6 6. Bd2 Bg4 7. f3 Bh5 8. Qe2 Qd8 9. 0-0-0 e6 10. g4 Bg6 11. h4 h6 12. Nh3 Bd6 13. g5 Nh5 14. gxh6 Ng3 15. Qg2 Nxh1 16. hxg7 Rg8 17. Rxh1 Qf6 18. h5 Bxh5 19. Ne4 Qxg7 20. Nxd6+ Kd7 21. Ng5 Kxd6 22. Rxh5 Kd7 23. Qf2 Rh8 24. Qh4 Rxh5 25. Qxh5 b5 26. Bb3 a5 27. c3 Na6 28. Nxf7 Rf8 29. Ne5+ Kc7 30. Bxe6 Rh8 31. Qf7+ Qxf7 32. Bxf7 Rh1+ 33. Kc2 b4 34. f4 Rh2 35. f5 c5 36. Bc4 Nb8 37. dxc5 Nd7 38. Nxd7 Kxd7 39. cxb4 axb4 40. f6 Kc6 41. f7 Rf2 42. Kd3 Rf6 43. Bh6 1-0

[Event "Cadiz-ch Youth+Experts"]
[Site "Chiclana"]
[Date "2015.03.07"]
[Round "3.3"]
[White "Sanchez Ponce, Juan Manuel"]
[Black "Ruiz Manrique, Joaquin"]
[Result "0-1"]
[WhiteElo "2010"]
[BlackElo "1945"]
[PlyCount "94"]
[EventDate "2015.02.21"]
[EventType "swiss"]
[EventRounds "6"]
[EventCountry "ESP"]
[SourceTitle "EXT 2024"]
[Source "ChessBase"]
[SourceDate "2023.10.10"]
[SourceVersion "1"]
[SourceVersionDate "2023.10.10"]
[SourceQuality "1"]

1. d4 Nf6 2. Bg5 e6 3. e3 Be7 4. Bd3 c5 5. c3 cxd4 6. exd4 Nc6 7. Nf3 Nd5 8. Bxe7 Ndxe7 9. Nbd2 d5 10. 0-0 Ng6 11. Re1 Qf6 12. Nf1 Nf4 13. Ne3 Nxd3 14. Qxd3 0-0 15. Ng4 Qg6 16. Qxg6 hxg6 17. h4 b6 18. Nge5 Nxe5 19. dxe5 Ba6 20. Rad1 Rac8 21. Rd4 Rc7 22. Re3 Bc8 23. Rg4 Rc4 24. Nd4 Rd8 25. Reg3 Kf8 26. h5 gxh5 27. Rxg7 Bd7 28. Rg8+ Ke7 29. Rxd8 Kxd8 30. Rg7 Ke7 31. Rh7 b5 32. a3 a5 33. Nc2 Re4 34. Ne3 Rxe5 35. b4 axb4 36. axb4 d4 37. cxd4 Re4 38. d5 Rxb4 39. dxe6 Rb1+ 40. Kh2 Bxe6 41. Rxh5 b4 42. Rb5 b3 43. Kg3 Rb2 44. f3 Re2 45. Kf4 b2 46. Ke4 f6 47. Kd4 Ba2 0-1

[Event "Gibraltar Challengers-B 13th"]
[Site "Caleta"]
[Date "2015.01.31"]
[Round "1"]
[White "Ruiz Manrique, Joaquin"]
[Black "Rodriguez Alvarez, Vidal Hely"]
[Result "0-1"]
[WhiteElo "1945"]
[BlackElo "2122"]
[PlyCount "106"]
[EventDate "2015.01.31"]
[EventType "swiss"]
[EventRounds "5"]
[EventCountry "GGB"]
[SourceTitle "CBM 164 Extra"]
[Source "ChessBase"]
[SourceDate "2015.03.02"]
[SourceVersion "1"]
[SourceVersionDate "2015.03.02"]
[SourceQuality "1"]

1. e4 c5 2. Nc3 Nc6 3. Bb5 Nd4 4. Bc4 g6 5. Nge2 Bg7 6. 0-0 e6 7. Nxd4 cxd4 8. Ne2 Ne7 9. d3 0-0 10. f4 d5 11. Bb3 dxe4 12. dxe4 b6 13. Ng3 Ba6 14. Rf3 Nc6 15. e5 d3 16. c3 Qh4 17. Ne4 Nxe5 18. Rh3 Qg4 19. fxe5 Qxe4 20. Be3 Qxe5 21. Qd2 h5 22. Re1 Qd6 23. Bf4 Qc5+ 24. Be3 Qc6 25. Bh6 Rfe8 26. Rf1 Qc5+ 27. Kh1 Qf8 28. Be3 Rad8 29. g4 Bb7+ 30. Kg1 hxg4 31. Rh4 Qd6 32. Bh6 Qc5+ 33. Be3 Qc6 34. Rxg4 Qh1+ 35. Kf2 Qxh2+ 36. Ke1 Qxd2+ 37. Kxd2 Bd5 38. Ba4 Rf8 39. Rf2 e5 40. Rh4 f5 41. Bh6 Bxh6+ 42. Rxh6 Kg7 43. Rh3 Rh8 44. Rg3 Kf6 45. Rxd3 Be4 46. Rxd8 Rxd8+ 47. Ke2 g5 48. Kf1 g4 49. Rh2 Kg5 50. Rh7 Kf4 51. Rg7 g3 52. Rg6 Bf3 53. Ke1 Rd1+ 0-1

[Event "Gibraltar Challengers-A 13th"]
[Site "Caleta"]
[Date "2015.01.29"]
[Round "4"]
[White "Ungureanu, Sandu"]
[Black "Ruiz Manrique, Joaquin"]
[Result "1-0"]
[WhiteElo "2040"]
[BlackElo "1945"]
[PlyCount "113"]
[EventDate "2015.01.26"]
[EventType "swiss"]
[EventRounds "5"]
[EventCountry "GGB"]
[SourceTitle "CBM 164 Extra"]
[Source "ChessBase"]
[SourceDate "2015.03.02"]
[SourceVersion "1"]
[SourceVersionDate "2015.03.02"]
[SourceQuality "1"]

1. e4 d6 2. d4 Nf6 3. Bd3 c6 4. c4 e5 5. d5 Be7 6. Nc3 0-0 7. f4 Bg4 8. Nf3 Nbd7 9. h3 Bxf3 10. Qxf3 Qb6 11. f5 cxd5 12. exd5 Nc5 13. Rb1 Rfe8 14. Bc2 e4 15. Qe3 Nfd7 16. 0-0 Bf6 17. Kh1 Re7 18. b4 Nd3 19. Na4 Qc7 20. Bb3 Nxb4 21. Ba3 Nd3 22. g4 h6 23. Qg3 e3 24. Bxd6 Qd8 25. Bxe7 Qxe7 26. Bc2 e2 27. Qxd3 exf1Q+ 28. Rxf1 Re8 29. Kg2 Bh4 30. Nc3 Qe3 31. Rf3 Qe1 32. Rf1 Qe3 33. Nd1 Qc5 34. Ba4 Re7 35. Bxd7 Rxd7 36. Qe3 Qd6 37. Nc3 Re7 38. Qd3 Qa3 39. d6 Rd7 40. Rd1 Qc5 41. Ne4 Qa5 42. Rd2 b6 43. Re2 Qb4 44. Qb3 Qa5 45. Qb5 Qxb5 46. cxb5 Kf8 47. Rc2 Ke8 48. Rc8+ Rd8 49. Rxd8+ Kxd8 50. Kf3 Kd7 51. Ke3 Bf6 52. Kd3 Be5 53. g5 Bxd6 54. Nxd6 Kxd6 55. f6 g6 56. gxh6 Ke6 57. h7 1-0

[Event "Gibraltar Challengers Week1"]
[Site "Gibraltar"]
[Date "2007.01.25"]
[Round "3"]
[White "Kvisla, Johannes Luangtep"]
[Black "Ruiz Manrique, Joaquin"]
[Result "1-0"]
[WhiteElo "2134"]
[BlackElo "1950"]
[PlyCount "101"]
[EventDate "2007.01.23"]
[EventType "swiss"]
[EventRounds "5"]
[EventCountry "ENG"]
[SourceTitle "EXT 2008"]
[Source "ChessBase"]
[SourceDate "2007.11.25"]
[SourceVersion "1"]
[SourceVersionDate "2007.11.25"]
[SourceQuality "1"]

1. e4 e5 2. Nf3 Nc6 3. Bb5 a6 4. Ba4 b5 5. Bb3 Be7 6. 0-0 Nf6 7. d4 d6 8. c3 0-0 9. h3 Bb7 10. Re1 Ne8 11. Nbd2 Kh8 12. Nf1 f5 13. exf5 Rxf5 14. Ng3 Rf8 15. dxe5 Nxe5 16. Nxe5 dxe5 17. Qxd8 Rxd8 18. Rxe5 Bd6 19. Re1 Nf6 20. Nf5 Bd5 21. Nxd6 Rxd6 22. Be3 Rd7 23. Bd4 Nh5 24. Bc5 Rfd8 25. Be3 a5 26. Bg5 Nf6 27. Bc2 h6 28. Bxf6 gxf6 29. Bf5 Rg7 30. g4 h5 31. Rad1 c6 32. Re3 Rdg8 33. a3 Rg5 34. Kf1 Rd8 35. Ke1 Rgg8 36. Be4 Rg5 37. f4 Rg7 38. Kf2 Re7 39. Bxd5 Red7 40. Re6 cxd5 41. Rxf6 hxg4 42. hxg4 Rh7 43. Kg3 Re8 44. g5 Re3+ 45. Kg4 b4 46. Rxd5 bxa3 47. bxa3 Ra7 48. Rff5 Rc7 49. Rxa5 Rcxc3 50. Rf7 Kg8 51. Rb7 1-0